000 00774nam a22002171a 4500
005 20110718133202.0
008 091005s1996 001 0 eng d
020 _c0.00
040 _aNEGST Library - Kenya
050 4 _aBS 325.A34 1996
082 0 _aBS 325.A34 1996
100 1 _aBible League (South Holland, Ill.)
245 1 0 _aDikola-Fon : gete wurubware e ta ma beni.
260 _bBible League in cooperat,
_c1996.
300 _aviii, 648 p. : i.
500 _a"The New Testament in Adele (Gidire), Ghana West Africa." - T.p. verso. Maps on end papers. [Africana]
600 1 0 _aBible. N.T. Adele. 1996.
600 1 0 _aAdele language - Texts.
700 1 _aGhana Institute of Linguistics, Literacy.
852 _95.00
999 _c40162
_d40162